[Event "Moscow rapid"]
[Site "Moscow"]
[Date "1992.??.??"]
[Round "?"]
[White "Vladimirov, Evgeny"]
[Black "Kharlov, Andrei"]
[Result "1-0"]
[WhiteElo "2585"]
[BlackElo "2555"]
[PlyCount "95"]
[EventDate "1992.08.??"]
[EventType "swiss (rapid)"]
[EventRounds "9"]
[EventCountry "RUS"]
[SourceTitle "EXT 1997"]
[Source "ChessBase"]
[SourceDate "1996.11.15"]
[SourceVersion "1"]
[SourceVersionDate "1996.11.15"]
[SourceQuality "1"]

1. c4 e6 2. g3 d5 3. Bg2 Nf6 4. Nf3 dxc4 5. Qc2 Nbd7 6. O-O a6 7. a4 Rb8 8.
Qxc4 b5 9. axb5 axb5 10. Qc2 c5 11. d3 Nd5 12. Nc3 Nb4 13. Qb3 Bd6 14. Ne4 Qb6
15. Nxd6+ Qxd6 16. Bf4 e5 17. Be3 O-O 18. Ng5 Bb7 19. Bxb7 Rxb7 20. Ne4 Qd5 21.
Qxd5 Nxd5 22. Nxc5 Nxc5 23. Bxc5 Rc8 24. Rfc1 f6 25. Bd6 Rxc1+ 26. Rxc1 Kf7 27.
Ra1 Ke6 28. Ra6 Rb6 29. Rxb6 Nxb6 30. Bf8 g6 31. Kf1 h5 32. Ke1 Nd7 33. Bb4 Nb8
34. Kd2 Nc6 35. Bc5 Kd5 36. Bf8 f5 37. f3 Nd4 38. Bb4 Nb3+ 39. Ke3 g5 40. Bc3
f4+ 41. Kf2 Nc5 42. Bb4 Ne6 43. Be7 g4 44. Bf6 Nd4 45. fxg4 hxg4 46. gxf4 exf4
47. e4+ Kc5 48. b4+ 1-0

[Event "Helsinki op"]
[Site "Helsinki"]
[Date "1992.??.??"]
[Round "1"]
[White "Kharlov, Andrei"]
[Black "Levitina, Irina"]
[Result "1-0"]
[WhiteElo "2555"]
[BlackElo "2415"]
[Annotator "Horn,Pe"]
[PlyCount "75"]
[EventDate "1992.09.??"]
[EventType "swiss"]
[EventRounds "9"]
[EventCountry "FIN"]
[SourceTitle "CBM 032"]
[Source "ChessBase"]
[SourceDate "1993.02.01"]
[SourceVersion "1"]
[SourceVersionDate "1993.02.01"]
[SourceQuality "1"]

1. g3 d5 2. Nf3 Bg4 3. Bg2 c6 4. b3 Nd7 5. Bb2 Ngf6 6. O-O e6 7. d3 Be7 8. Nbd2
O-O 9. c4 a5 10. a3 b5 (10... Qb8 11. Rc1 Rc8 12. Re1 b5 13. cxd5 cxd5 14.
Rxc8+ Qxc8 15. Qb1 Qf8 16. Qa1 Rc8 17. Nd4 $16 {Larsen-Rubinetti, Buenos Aires
1992}) 11. Qc2 (11. Rc1 Qb6 12. Rc2 dxc4 13. bxc4 b4 $132 {
Nikolaevsky-Dzindzichashvili, URS-39.ch 1971}) (11. cxb5 cxb5 12. Rc1 Qb6 13.
Qc2 Qa6 14. h3 Rfc8 $10 {Bilek-Kirov, Rom 1976}) 11... Rc8 (11... bxc4 12. bxc4
Qb6 13. Rab1 Qa6 14. e4 (14. h3 $5) 14... Rfc8 15. h3 Bh5 16. Nd4 Bg6 17. f4
$13 {Sigurjonsson-Angantysson, Reykjavik 1980}) (11... Qb6 $1 12. h3 Bh5 (12...
Bxf3 $6 13. Nxf3 Rab8 14. Rab1 bxc4 15. bxc4 Qa6 16. Nd2 Rb7 17. Bc3 Rfb8 18.
Rxb7 Rxb7 19. Qa4 $36 {Miles-Neckar, Teesside 1974}) 13. g4 $5 Bg6 14. Nh4 Rab8
$1 15. Rab1 Bd6 $1 $10 {Seirawan: /\ Be5,e5} (15... b4 $6 16. a4 d4 $6 {
Gelfand-Seirawan, Tilburg 1990} (16... Bd6) 17. f4 $1 Ne8 18. Ndf3 c5 19. Rbe1
{/\ e3+/- Seirawan})) (11... Qb8 12. h3 Bh5 13. Rfc1 Rc8 14. cxd5 cxd5 15.
Qxc8+ Qxc8 16. Rxc8+ Rxc8 17. Rc1 Rxc1+ 18. Bxc1 Bxf3 $6 19. Nxf3 Nc5 20. Nd4
$14 {Andersson-Gerusel, Bad Lauterberg 1977}) 12. Rfc1 (12. Rac1 $5) 12... Bd6
(12... Qb6 $2 13. cxd5 cxd5 14. Qxc8) 13. Nf1 (13. h3 Bh5 14. cxb5 cxb5 15.
Qxc8 Qxc8 16. Rxc8 Rxc8 17. Rc1 Rxc1+ 18. Bxc1 $13 {/\ Kf1,Nd4}) 13... Bh5 (
13... e5 $6 14. Ne3) 14. Nd4 Bc5 $1 15. Nf3 (15. cxb5 cxb5 16. Nxb5 $4 Bxf2+
$19) 15... Re8 16. e3 Bd6 17. N1d2 Nc5 (17... e5 $5) 18. b4 axb4 19. axb4 Na4
20. Bxf6 $1 gxf6 (20... Qxf6 $2 21. cxb5 cxb5 22. Qxc8 Rxc8 23. Rxc8+ Bf8 24.
Nd4 $16) 21. c5 Bf8 22. Nd4 f5 23. N4b3 Bg7 24. d4 $14 f4 $6 25. gxf4 Bg6 26.
Qa2 Qh4 27. Na5 f6 28. Nb7 Rb8 29. Na5 (29. Nd6 Red8 {/\ Bf8}) 29... Rbc8 30.
Qb3 Kh8 31. Ra2 Rg8 32. Kh1 Bh5 33. Nf1 e5 34. dxe5 fxe5 35. fxe5 Bxe5 36. f4
$1 Bf6 37. Nb7 Rcf8 38. Nd6 1-0

[Event "Helsinki op"]
[Site "Helsinki"]
[Date "1992.??.??"]
[Round "2"]
[White "Gufeld, Eduard"]
[Black "Kharlov, Andrei"]
[Result "1/2-1/2"]
[WhiteElo "2485"]
[BlackElo "2555"]
[PlyCount "150"]
[EventDate "1992.09.??"]
[EventType "swiss"]
[EventRounds "9"]
[EventCountry "FIN"]
[SourceTitle "CBM 032"]
[Source "ChessBase"]
[SourceDate "1993.02.01"]
[SourceVersion "1"]
[SourceVersionDate "1993.02.01"]
[SourceQuality "1"]

1. g3 d5 2. Bg2 e5 3. d3 Nc6 4. Nf3 g6 5. c4 d4 6. O-O Bg7 7. Na3 Nge7 8. Nc2
a5 9. b3 h6 10. Bb2 g5 11. a3 Ng6 12. b4 g4 13. Nd2 h5 14. e3 O-O 15. b5 Nce7
16. exd4 exd4 17. Nb3 Nf5 18. a4 h4 19. Re1 hxg3 20. hxg3 Qg5 21. Qc1 Qh5 22.
Ncxd4 Qh8 23. Re4 Rd8 24. Nxf5 Bxb2 25. Ne7+ Nxe7 26. Qg5+ Qg7 27. Qxe7 Bf5 28.
Rae1 Rxd3 29. R4e3 Bc3 30. Rxd3 Bxd3 31. Re3 Bxc4 32. Qxc7 Bxb3 33. Rxc3 Bxa4
34. Rc5 Qf6 35. Qd7 Kf8 36. Qxg4 Bb3 37. Rc8+ Rxc8 38. Qxc8+ Kg7 39. Bxb7 a4
40. Qg4+ Kf8 41. Bc6 Qd6 42. Qc8+ Ke7 43. Qe8+ Kf6 44. Qe4 Qc5 45. Kg2 Bc2 46.
Qf3+ Ke7 47. Bd5 f5 48. Qe2+ Kd6 49. Qe6+ Kc7 50. Bc6 Kb6 51. f3 a3 52. Be8+
Kc7 53. Qd7+ Kb6 54. Qe6+ Kc7 55. Qd7+ Kb6 56. Qd8+ Qc7 57. Qf6+ Ka5 58. Qa6+
Kb4 59. b6 Qd6 60. Qb5+ Kc3 61. Qa5+ Kb2 62. Bf7 Bb3 63. Bxb3 Kxb3 64. b7 a2
65. Kf2 Qd4+ 66. Ke2 Qc4+ 67. Ke3 Qe6+ 68. Kf2 Qd6 69. Qb5+ Kc3 70. Qa5+ Kb2
71. Qb5+ Kc3 72. b8=Q Qd4+ 73. Kg2 Qd2+ 74. Kh3 Qh6+ 75. Kg2 Qd2+ 1/2-1/2

[Event "Helsinki op"]
[Site "Helsinki"]
[Date "1992.??.??"]
[Round "3"]
[White "Kharlov, Andrei"]
[Black "Murey, Jacob"]
[Result "1/2-1/2"]
[WhiteElo "2555"]
[BlackElo "2500"]
[PlyCount "108"]
[EventDate "1992.09.??"]
[EventType "swiss"]
[EventRounds "9"]
[EventCountry "FIN"]
[SourceTitle "CBM 032"]
[Source "ChessBase"]
[SourceDate "1993.02.01"]
[SourceVersion "1"]
[SourceVersionDate "1993.02.01"]
[SourceQuality "1"]

1. e4 e6 2. d4 d5 3. e5 c5 4. c3 Nc6 5. Nf3 Bd7 6. Be2 Nge7 7. O-O Nf5 8. Bd3
g6 9. dxc5 Bxc5 10. Bg5 Be7 11. Bxe7 Qxe7 12. Bxf5 gxf5 13. Na3 Rd8 14. Qd2 O-O
15. Rae1 f6 16. Nc2 Qg7 17. exf6 Rxf6 18. Ne5 f4 19. f3 Kh8 20. Rf2 Rg8 21. Qe2
Nxe5 22. Qxe5 Rg6 23. Nd4 Qxe5 24. Rxe5 Kg7 25. Rh5 Rh6 26. Rxh6 Kxh6 27. Re2
Re8 28. Re5 Kg6 29. g3 fxg3 30. hxg3 a5 31. f4 b6 32. Kf2 Kf6 33. a3 Re7 34.
Nc2 Rg7 35. Ne3 Bc6 36. Rh5 Kg6 37. Rh2 h5 38. Ng2 Be8 39. Nh4+ Kf6 40. Nf3 b5
41. Nd4 e5 42. fxe5+ Kxe5 43. Rh4 Rf7+ 44. Nf3+ Kd6 45. Rf4 Rxf4 46. gxf4 Kc5
47. Ke3 b4 48. cxb4+ axb4 49. f5 bxa3 50. bxa3 d4+ 51. Nxd4 h4 52. Nf3 h3 53.
Kf2 Kd5 54. Kg3 Bd7 1/2-1/2

[Event "Helsinki op"]
[Site "Helsinki"]
[Date "1992.??.??"]
[Round "4"]
[White "Dokhoian, Yury"]
[Black "Kharlov, Andrei"]
[Result "1/2-1/2"]
[WhiteElo "2505"]
[BlackElo "2555"]
[PlyCount "23"]
[EventDate "1992.09.??"]
[EventType "swiss"]
[EventRounds "9"]
[EventCountry "FIN"]
[SourceTitle "CBM 032"]
[Source "ChessBase"]
[SourceDate "1993.02.01"]
[SourceVersion "1"]
[SourceVersionDate "1993.02.01"]
[SourceQuality "1"]

1. c4 e5 2. g3 Nf6 3. Bg2 d5 4. cxd5 Nxd5 5. Nc3 Nb6 6. Nf3 Nc6 7. a3 Be7 8. b4
O-O 9. Rb1 Re8 10. O-O Bf8 11. d3 Nd4 12. Nd2 1/2-1/2

[Event "Helsinki op"]
[Site "Helsinki"]
[Date "1992.??.??"]
[Round "5"]
[White "Kharlov, Andrei"]
[Black "Kharitonov, Andrei"]
[Result "0-1"]
[WhiteElo "2555"]
[BlackElo "2505"]
[PlyCount "90"]
[EventDate "1992.09.??"]
[EventType "swiss"]
[EventRounds "9"]
[EventCountry "FIN"]
[SourceTitle "CBM 032"]
[Source "ChessBase"]
[SourceDate "1993.02.01"]
[SourceVersion "1"]
[SourceVersionDate "1993.02.01"]
[SourceQuality "1"]

1. c4 e5 2. g3 Nc6 3. Bg2 g6 4. Nc3 Bg7 5. d3 d6 6. Rb1 Be6 7. Nf3 h6 8. b4 Qd7
9. b5 Nd8 10. Bd2 Ne7 11. Qc1 Bh3 12. O-O Bxg2 13. Kxg2 Ne6 14. Nd5 Nc8 15. a4
c6 16. bxc6 bxc6 17. Nc3 Ne7 18. a5 f5 19. a6 Rc8 20. Qa3 O-O 21. Rb7 Rc7 22.
Rfb1 Nd8 23. Rxc7 Qxc7 24. h4 Qd7 25. Rb8 d5 26. Na4 e4 27. Ne1 Be5 28. Ra8 f4
29. dxe4 fxg3 30. f3 dxe4 31. Bxh6 Re8 32. f4 Nf5 33. fxe5 Qd1 34. Kf1 g2+ 35.
Kxg2 Qxe2+ 36. Kh3 Qxe1 37. Qc1 Qxh4+ 38. Kg2 Qg3+ 39. Kf1 Qh3+ 40. Ke1 Nxh6
41. Qg5 Qh1+ 42. Kd2 Qh2+ 43. Ke1 Nhf7 44. Qxg6+ Kf8 45. Nc5 Qf4 0-1

[Event "Helsinki op"]
[Site "Helsinki"]
[Date "1992.??.??"]
[Round "6"]
[White "Manninen, Marko"]
[Black "Kharlov, Andrei"]
[Result "0-1"]
[WhiteElo "2420"]
[BlackElo "2555"]
[PlyCount "78"]
[EventDate "1992.09.??"]
[EventType "swiss"]
[EventRounds "9"]
[EventCountry "FIN"]
[SourceTitle "CBM 032"]
[Source "ChessBase"]
[SourceDate "1993.02.01"]
[SourceVersion "1"]
[SourceVersionDate "1993.02.01"]
[SourceQuality "1"]

1. d4 d5 2. c4 dxc4 3. e4 Nf6 4. e5 Nd5 5. Bxc4 Nb6 6. Bb3 Nc6 7. Nf3 Bf5 8.
Nc3 e6 9. O-O Nb4 10. a3 N4d5 11. Bg5 Be7 12. Nxd5 Nxd5 13. Bxd5 Qxd5 14. Bxe7
Kxe7 15. Qc1 c6 16. Nh4 Be4 17. Qg5+ Kf8 18. Qe3 Rd8 19. Rad1 h6 20. f4 g6 21.
Rfe1 Bc2 22. Rd2 Bb3 23. Rc1 Qb5 24. h3 a5 25. g4 a4 26. f5 gxf5 27. gxf5 Ke7
28. Qf4 Kd7 29. fxe6+ fxe6 30. Ng6 Rhg8 31. Qf7+ Kc8 32. Kh2 Kb8 33. h4 h5 34.
Rg1 c5 35. Rgg2 cxd4 36. Rxd4 Rxd4 37. Qxg8+ Ka7 38. Qg7 Bd5 39. Rf2 Rd1 0-1

[Event "Helsinki op"]
[Site "Helsinki"]
[Date "1992.??.??"]
[Round "7"]
[White "Kharlov, Andrei"]
[Black "Kuporosov, Viktor"]
[Result "0-1"]
[WhiteElo "2555"]
[BlackElo "2510"]
[PlyCount "66"]
[EventDate "1992.09.??"]
[EventType "swiss"]
[EventRounds "9"]
[EventCountry "FIN"]
[SourceTitle "CBM 032"]
[Source "ChessBase"]
[SourceDate "1993.02.01"]
[SourceVersion "1"]
[SourceVersionDate "1993.02.01"]
[SourceQuality "1"]

1. e4 c5 2. Nf3 e6 3. c3 d5 4. e5 Nc6 5. d4 Nge7 6. Bd3 cxd4 7. cxd4 Nf5 8.
Bxf5 exf5 9. Nc3 Be6 10. Ne2 Be7 11. h4 h6 12. h5 Qb6 13. Nf4 Rc8 14. a3 Na5
15. b4 Nc4 16. Rh3 a5 17. Rg3 axb4 18. axb4 Qxb4+ 19. Kf1 Kf8 20. Nxe6+ fxe6
21. Rg6 Kf7 22. g4 Ra8 23. Rxa8 Rxa8 24. gxf5 Ra1 25. fxe6+ Kg8 26. Ne1 Nxe5
27. dxe5 Qe4 28. Nd3 Bg5 29. Kg1 Bxc1 30. e7 Kf7 31. Nxc1 Qxe5 32. Rg3 Ke8 33.
Kh2 Qf4 0-1

[Event "Helsinki op"]
[Site "Helsinki"]
[Date "1992.??.??"]
[Round "8"]
[White "Rytshagov, Mikhail"]
[Black "Kharlov, Andrei"]
[Result "0-1"]
[WhiteElo "2450"]
[BlackElo "2555"]
[PlyCount "80"]
[EventDate "1992.09.??"]
[EventType "swiss"]
[EventRounds "9"]
[EventCountry "FIN"]
[SourceTitle "CBM 032"]
[Source "ChessBase"]
[SourceDate "1993.02.01"]
[SourceVersion "1"]
[SourceVersionDate "1993.02.01"]
[SourceQuality "1"]

1. e4 c5 2. Nf3 Nc6 3. d4 cxd4 4. Nxd4 Nf6 5. Nc3 e6 6. Nxc6 bxc6 7. e5 Nd5 8.
Nxd5 cxd5 9. Bd3 Ba6 10. O-O Bxd3 11. Qxd3 Qc7 12. Bf4 Rc8 13. Qg3 g6 14. h4 h5
15. Rac1 Bg7 16. Rfd1 O-O 17. Rd3 Qc4 18. b3 Qa6 19. a4 Rc6 20. Bg5 Qc8 21. c3
Qb8 22. Bf6 Qxb3 23. Qg5 Qxa4 24. Rg3 Bxf6 25. Qxf6 Qe4 26. Ra1 a6 27. Ra4 Qc2
28. Ra2 Qc1+ 29. Kh2 Qh6 30. Rb2 Rc4 31. Rb7 Rf4 32. Qe7 Rxf2 33. Rg5 Rf5 34.
Rxd7 Rxg5 35. hxg5 Qh8 36. Qd6 h4 37. Qxa6 Qxe5+ 38. Kh1 Qe1+ 39. Kh2 Qxc3 40.
Qd6 Qe3 0-1

[Event "Helsinki op"]
[Site "Helsinki"]
[Date "1992.??.??"]
[Round "9"]
[White "Kharlov, Andrei"]
[Black "Rotstein, Arkadij"]
[Result "1-0"]
[WhiteElo "2555"]
[BlackElo "2515"]
[PlyCount "129"]
[EventDate "1992.09.??"]
[EventType "swiss"]
[EventRounds "9"]
[EventCountry "FIN"]
[SourceTitle "CBM 032"]
[Source "ChessBase"]
[SourceDate "1993.02.01"]
[SourceVersion "1"]
[SourceVersionDate "1993.02.01"]
[SourceQuality "1"]

1. e4 c5 2. Nf3 e6 3. b3 Nc6 4. Bb2 d6 5. e5 Bd7 6. Na3 dxe5 7. Nxe5 Nxe5 8.
Bxe5 a6 9. Nc4 Bc6 10. a4 Nf6 11. a5 Be7 12. Bd3 Nd7 13. O-O Nxe5 14. Nxe5 Bb5
15. Qe2 Bxd3 16. Nxd3 O-O 17. Ra4 Qd5 18. Re1 Rfd8 19. Qe5 Bf6 20. Qxd5 Rxd5
21. Rc4 Be7 22. Kf1 Rad8 23. g3 Kf8 24. Re3 Rd4 25. Rc3 R8d5 26. Ke2 Bd6 27.
Rc4 Rxc4 28. bxc4 Rd4 29. Nb2 Bc7 30. Ra3 Ke8 31. c3 Rd7 32. Na4 Bd6 33. Rb3
Kd8 34. d4 cxd4 35. cxd4 Be7 36. Ke3 Bf6 37. Rd3 Kc7 38. f4 Rd8 39. Nc5 Be7 40.
Nb3 Kc6 41. Ke4 Bb4 42. g4 b6 43. d5+ exd5+ 44. cxd5+ Kb5 45. Nd4+ Kc4 46. Nc6
Re8+ 47. Ne5+ Kb5 48. d6 Bxd6 49. Rxd6 f6 50. Rxb6+ Kxa5 51. Rb8 Rxb8 52. Nc6+
Kb5 53. Nxb8 a5 54. Nd7 a4 55. Kd3 a3 56. Kc3 Kc6 57. Nf8 h6 58. f5 Kd6 59. Ng6
Kd5 60. Nf4+ Ke4 61. Nh5 Kf3 62. Nxg7 Kxg4 63. Kb3 Kf3 64. Kxa3 Kg2 65. Nh5 1-0

[Event "Alekhine op"]
[Site "Moscow"]
[Date "1992.??.??"]
[Round "?"]
[White "Anastasian, Ashot"]
[Black "Kharlov, Andrei"]
[Result "1-0"]
[WhiteElo "2490"]
[BlackElo "2555"]
[PlyCount "99"]
[EventDate "1992.10.??"]
[EventType "swiss"]
[EventRounds "9"]
[EventCountry "RUS"]
[SourceTitle "CBM 033"]
[Source "ChessBase"]
[SourceDate "1993.04.01"]
[SourceVersion "1"]
[SourceVersionDate "1993.04.01"]
[SourceQuality "1"]

1. c4 e6 2. d4 f5 3. Nf3 Nf6 4. g3 Bb4+ 5. Nbd2 b6 6. Bg2 Bb7 7. O-O O-O 8. a3
Bxd2 9. Bxd2 Qe8 10. Rc1 d6 11. d5 exd5 12. cxd5 Nxd5 13. Ng5 Na6 14. b4 h6 15.
Qb3 c6 16. e4 fxe4 17. Nxe4 Rd8 18. Nc3 Qf7 19. Nxd5 cxd5 20. Be3 d4 21. Qxf7+
Rxf7 22. Bxd4 Bxg2 23. Kxg2 Re7 24. Rfe1 Rxe1 25. Rxe1 Kf7 26. Rc1 Rd7 27. f4
Nc7 28. Kf3 Nb5 29. Bb2 d5 30. a4 Nd6 31. Rc6 Nc4 32. Bd4 h5 33. Ke2 Nd6 34.
Kd3 Nf5 35. b5 Nd6 36. h3 Nc4 37. g4 Na5 38. Rc8 hxg4 39. hxg4 Nb3 40. Rc3 Na5
41. Be5 Nb7 42. f5 Nc5+ 43. Kd4 Nxa4 44. Rc6 Nc5 45. g5 Rd8 46. Rc7+ Nd7 47.
Rxa7 Kg8 48. Bc7 Re8 49. Bd6 Nf8 50. Be5 1-0

[Event "Alekhine op"]
[Site "Moscow"]
[Date "1992.??.??"]
[Round "?"]
[White "Belikov, Vladimir"]
[Black "Kharlov, Andrei"]
[Result "0-1"]
[WhiteElo "2460"]
[BlackElo "2555"]
[PlyCount "70"]
[EventDate "1992.10.??"]
[EventType "swiss"]
[EventRounds "9"]
[EventCountry "RUS"]
[SourceTitle "CBM 033"]
[Source "ChessBase"]
[SourceDate "1993.04.01"]
[SourceVersion "1"]
[SourceVersionDate "1993.04.01"]
[SourceQuality "1"]

1. e4 c5 2. Nf3 Nc6 3. d4 cxd4 4. Nxd4 Nf6 5. Nc3 e5 6. Ndb5 d6 7. Bg5 a6 8.
Na3 Be6 9. Nc4 Rc8 10. Nd5 Bxd5 11. Bxf6 gxf6 12. Qxd5 Nd4 13. Bd3 Qe7 14. b4
Qe6 15. Ne3 Qxd5 16. Nxd5 Nxc2+ 17. Bxc2 Rxc2 18. O-O Bh6 19. a4 Kd7 20. Ra3
Ke6 21. Rf3 Bg5 22. g3 Rg8 23. Kh1 Rc4 24. Rd1 Rxe4 25. h4 Bxh4 26. Nc7+ Kd7
27. Nd5 f5 28. Rxf5 Rg7 29. Rf6 Bg5 30. Nb6+ Kc7 31. Nd5+ Kc6 32. b5+ axb5 33.
axb5+ Kc5 34. Nc3 Rd4 35. Rxd6 Kxd6 0-1

[Event "Alekhine op"]
[Site "Moscow"]
[Date "1992.??.??"]
[Round "?"]
[White "Kharlov, Andrei"]
[Black "Graf, Alexander"]
[Result "1/2-1/2"]
[WhiteElo "2555"]
[BlackElo "2510"]
[PlyCount "83"]
[EventDate "1992.10.??"]
[EventType "swiss"]
[EventRounds "9"]
[EventCountry "RUS"]
[SourceTitle "CBM 033"]
[Source "ChessBase"]
[SourceDate "1993.04.01"]
[SourceVersion "1"]
[SourceVersionDate "1993.04.01"]
[SourceQuality "1"]

1. e4 e5 2. Nf3 Nc6 3. Bb5 a6 4. Ba4 Nf6 5. O-O Be7 6. Re1 b5 7. Bb3 d6 8. c3
O-O 9. a3 Be6 10. Bxe6 fxe6 11. d4 Qc8 12. Nbd2 Nd7 13. a4 Nd8 14. Nf1 Rb8 15.
Re2 Nf7 16. Qb3 Nf6 17. axb5 axb5 18. Ra7 Re8 19. Ng3 Bf8 20. h3 Rb7 21. Rxb7
Qxb7 22. dxe5 dxe5 23. Be3 Qc6 24. Nd2 Nd7 25. Qc2 Ra8 26. Re1 Nd6 27. Rc1 Nc5
28. b4 Nd7 29. Qb3 Kf7 30. c4 bxc4 31. Nxc4 Qa4 32. Qc3 Nxc4 33. Qxc4 Bd6 34.
Nf5 Bxb4 35. g4 Bf8 36. Qxa4 Rxa4 37. Rxc7 exf5 38. Rxd7+ Ke8 39. Rd5 Rxe4 40.
gxf5 Kf7 41. Bg5 h6 42. Rd7+ 1/2-1/2

[Event "Alekhine op"]
[Site "Moscow"]
[Date "1992.??.??"]
[Round "?"]
[White "Kharlov, Andrei"]
[Black "Lerner, Konstantin"]
[Result "0-1"]
[WhiteElo "2555"]
[BlackElo "2530"]
[Annotator "Blatny,P"]
[PlyCount "44"]
[EventDate "1992.10.??"]
[EventType "swiss"]
[EventRounds "9"]
[EventCountry "RUS"]
[SourceTitle "CBM 033"]
[Source "ChessBase"]
[SourceDate "1993.04.01"]
[SourceVersion "1"]
[SourceVersionDate "1993.04.01"]
[SourceQuality "1"]

1. e4 c5 2. f4 e6 3. Nf3 d5 4. e5 Nc6 5. c4 Nh6 6. Nc3 Be7 7. cxd5 exd5 8. Bb5
O-O 9. Bxc6 bxc6 10. O-O c4 $1 11. h3 (11. d3 $142 cxd3 (11... Qb6+ 12. d4 $13
(12. Kh1 cxd3 13. Qxd3 Ba6 $19)) 12. Qxd3 Bf5 {/\Ng4->, >< /^a7-g1}) 11... Bf5
{><d3} 12. d4 $6 cxd3 13. g4 Be4 $17 14. f5 Re8 15. Re1 Bc5+ 16. Kh1 $2 (16.
Kg2 Nxf5 17. gxf5 Bxf5 $40) 16... Nxf5 $6 (16... Qh4 17. Nxe4 Qxh3+ 18. Nh2
dxe4 19. Rxe4 Bf2 20. Qf1 Qxf1+ 21. Nxf1 Rad8) (16... Nxg4 $142 $1 17. Nxe4 (
17. hxg4 $4 Qh4+ 18. Kg2 Qxg4+ 19. Kh2 Bxf3 $19) 17... dxe4 18. hxg4 exf3 $19)
17. gxf5 Bxf5 18. Kg2 Re6 19. Kh2 (19. Bg5 Rg6 20. Qd2 h6 21. Qf4 Be6 $19) (19.
Ng5 Rg6 20. Qh5 h6 21. Rf1 Be6 22. Qxg6 $5 Bxh3+ $1 $19) 19... Rg6 20. Na4 $2 (
20. Bf4 $142 Rb8 21. b3 Rb4 22. Qd2 Be4 $44) 20... Bf2 21. Bf4 (21. Rf1 Bg3+
22. Kh1 Be4 $1 23. Qd2 (23. e6 Qh4 $19) 23... Bxe5 24. Nc5 $8 Qh4 25. Nxe4
Qxh3+ 26. Nh2 Bxh2 27. Ng5 Rxg5 $19) 21... Bxh3 22. Qxd3 (22. Kxh3 Qc8+ 23. e6
(23. Kh2 Qg4 $19) 23... Bxe1 24. Nxe1 Qxe6+ 25. Kh2 Qe4 $1 {/\Re8-+}) 22... Bg4
(22... Bg4 23. Ng5 Rxg5 24. Bxg5 Qxg5 $19) 0-1

[Event "Alekhine op"]
[Site "Moscow"]
[Date "1992.??.??"]
[Round "?"]
[White "Kharlov, Andrei"]
[Black "Maljutin, Evgeni"]
[Result "1/2-1/2"]
[WhiteElo "2555"]
[BlackElo "2480"]
[PlyCount "130"]
[EventDate "1992.10.??"]
[EventType "swiss"]
[EventRounds "9"]
[EventCountry "RUS"]
[SourceTitle "CBM 033"]
[Source "ChessBase"]
[SourceDate "1993.04.01"]
[SourceVersion "1"]
[SourceVersionDate "1993.04.01"]
[SourceQuality "1"]

1. d4 d5 2. c4 c6 3. Nc3 e5 4. e3 exd4 5. Qxd4 Nf6 6. Nf3 Be7 7. cxd5 cxd5 8.
Be2 Nc6 9. Qd3 O-O 10. O-O Nb4 11. Qd1 Bf5 12. a3 Nc6 13. b4 Qd7 14. Bb2 Rfd8
15. Nb5 a5 16. bxa5 Rxa5 17. Bc3 Raa8 18. Ne5 Nxe5 19. Bxe5 Ne4 20. a4 Rdc8 21.
Ra2 Be6 22. Bd4 Nd6 23. Nxd6 Bxd6 24. Bb5 Qe7 25. Bd3 Bc5 26. Qa1 Bxd4 27. Qxd4
Qc5 28. Qh4 h6 29. Rc2 Qa3 30. Rxc8+ Rxc8 31. Bb5 Qd6 32. Rd1 Bd7 33. Bxd7 Qxd7
34. g3 Ra8 35. Rd4 b5 36. axb5 Qxb5 37. Kg2 Qc6 38. Qh5 Ra5 39. Qe5 Rc5 40. h4
Qe6 41. Qb8+ Kh7 42. Qb1+ Kg8 43. Qd3 g6 44. h5 g5 45. Qa3 Qc6 46. Qa7 Rc4 47.
g4 Rxd4 48. Qxd4 Qe6 49. Kg3 f5 50. gxf5 Qxf5 51. Qb6 Qe5+ 52. Kg2 Qf5 53. Qb8+
Kf7 54. Qc7+ Ke6 55. f3 Kf6 56. Qd6+ Kg7 57. Kg3 Kh7 58. Qc7+ Kg8 59. Qb8+ Kg7
60. Qc7+ Kg8 61. Qe7 Kh8 62. Kf2 Qc2+ 63. Kg3 Qf5 64. Qd8+ Kg7 65. Qc7+ Kg8
1/2-1/2

[Event "Alekhine op"]
[Site "Moscow"]
[Date "1992.??.??"]
[Round "?"]
[White "Xu Jun"]
[Black "Kharlov, Andrei"]
[Result "1-0"]
[WhiteElo "2480"]
[BlackElo "2555"]
[Annotator "Horvath,Ta"]
[PlyCount "87"]
[EventDate "1992.10.??"]
[EventType "swiss"]
[EventRounds "9"]
[EventCountry "RUS"]
[SourceTitle "CBM 033"]
[Source "ChessBase"]
[SourceDate "1993.04.01"]
[SourceVersion "1"]
[SourceVersionDate "1993.04.01"]
[SourceQuality "1"]

1. e4 c5 2. Nf3 Nc6 3. d4 cxd4 4. Nxd4 Nf6 5. Nc3 e6 6. Ndb5 d6 7. Bf4 e5 8.
Bg5 a6 9. Na3 Be6 10. Nc4 (10. Nd5 $6 Bxd5 11. Bxf6 (11. Qxd5 Nxd5 12. Bxd8 Nc3
$1 13. bxc3 Rxd8 14. Nc4 d5 15. exd5 Rxd5 $17) 11... Qa5+ 12. c3 Bxe4 (12...
gxf6 13. exd5 Ne7 $15) 13. Nc4 Qc7 (13... Qc5 14. Bxg7 Rg8 15. Bxf8 Kxf8 16. b4
Nxb4 17. cxb4 Qxb4+ 18. Qd2 Qxd2+ 19. Nxd2 Bxg2 $14 {Forgo,Eva-Honos/HUN/1993/}
) 14. Bxg7 Bxg7 15. Nxd6+ Ke7 16. Nxe4 $13) 10... Rc8 11. Ne3 (11. Nd5 Bxd5 12.
Bxf6 gxf6 13. Qxd5 Nd4 14. Bd3 {Belikow-Karlow Moscow Alekhine op. 1992}) (11.
Bxf6 gxf6 12. Ne3 Bh6 13. Bd3 Bxe3 14. fxe3 Qb6 15. Qc1 $5 Na5 $1 16. O-O Ke7
17. Qe1 h5 18. b3 Qc5 $2 19. Nd5+ $1 Bxd5 20. exd5 Qxd5 21. Rd1 Rcg8 22. Qf2
Rh6 23. Bg6 $3 {Georgiev,Ki-Shirov/Biel/1992/1-0/23/}) 11... Be7 12. Bxf6 Bxf6
13. Ncd5 Bg5 14. c3 O-O 15. Be2 g6 16. O-O Kh8 (16... f5 17. exf5 gxf5 18. Kh1
Ne7 $1 $13) 17. Kh1 f5 18. exf5 gxf5 19. f4 Bh6 20. Bd3 e4 (20... Ne7 21. Nxe7
Qxe7 22. Qh5 Bxf4 23. Nxf5 Qg5 24. Qxg5 $16) 21. Bc2 Qh4 22. Qe1 $1 Qh5 23. Nb6
Rcd8 24. Bb3 $1 Bxb3 25. axb3 Ne7 26. Ned5 Ng6 27. Qd1 Qh4 28. g3 $16 Qh3 29.
Nc7 Rf7 30. Ne6 Re8 31. Qd4+ Kg8 32. Qd5 Nf8 33. Nd4 Ng6 34. Nc4 Bf8 35. Ne6
Rxe6 36. Qxe6 Kg7 37. Ne3 Rf6 38. Qc8 Nh4 39. Qxb7+ Kh8 40. Rf2 Nf3 41. Qc8 Kg8
42. Qxa6 Rg6 43. Qc4+ Kg7 44. Ra7+ 1-0

[Event "Rilton Cup 22nd"]
[Site "Stockholm"]
[Date "1992.??.??"]
[Round "1"]
[White "Kharlov, Andrei"]
[Black "Kaiszauri, Konstantin"]
[Result "1-0"]
[WhiteElo "2555"]
[BlackElo "2340"]
[PlyCount "33"]
[EventDate "1992.12.??"]
[EventType "swiss"]
[EventRounds "9"]
[EventCountry "SWE"]
[SourceTitle "TD"]
[Source "ChessBase"]
[SourceDate "1994.03.01"]
[SourceVersion "1"]
[SourceVersionDate "1994.03.01"]
[SourceQuality "1"]

1. d4 d6 2. e4 Nf6 3. Nc3 g6 4. Be3 Ng4 5. Bg5 h6 6. Bh4 Bg7 7. Qd2 Nd7 8. Be2
Ngf6 9. f4 c5 10. d5 O-O 11. Nf3 b5 12. Bxb5 Rb8 13. O-O Qa5 14. e5 dxe5 15.
fxe5 Ng4 16. Bxd7 Bxd7 17. Rfe1 1-0